ထားဝယ်ရှေးဟောင်းသမိုင်းဝင်ရှင်ကိုးရှင်ဘုရားများ / (Record no. 20873)
[ view plain ]
| 000 -LEADER | |
|---|---|
| fixed length control field | 00754nam a2200181Ia 4500 |
| 003 - CONTROL NUMBER IDENTIFIER | |
| control field | OSt |
| 005 - DATE AND TIME OF LATEST TRANSACTION | |
| control field | 20240206155314.0 |
| 007 - PHYSICAL DESCRIPTION FIXED FIELD--GENERAL INFORMATION | |
| fixed length control field | ca aa aaaaa |
| 008 - FIXED-LENGTH DATA ELEMENTS--GENERAL INFORMATION | |
| fixed length control field | 201103s9999 xx 000 0 und d |
| 040 ## - CATALOGING SOURCE | |
| Transcribing agency | SSBUL |
| 041 ## - LANGUAGE CODE | |
| Language code of text/sound track or separate title | Myanmar |
| 082 ## - DEWEY DECIMAL CLASSIFICATION NUMBER | |
| Classification number | ၂၉၄.၃၄၃၅၀၉ |
| Item number | ထွန်း |
| 100 ## - MAIN ENTRY--PERSONAL NAME | |
| Personal name | ထွန်းလွင်၊ မောင်၊ ထားဝယ် |
| 245 10 - TITLE STATEMENT | |
| Title | ထားဝယ်ရှေးဟောင်းသမိုင်းဝင်ရှင်ကိုးရှင်ဘုရားများ / |
| Statement of responsibility, etc. | မောင်ထွန်းလွင် (ထားဝယ်)။ |
| 300 ## - PHYSICAL DESCRIPTION | |
| Extent | ၂၁၃ စာမျက်နှာ ၊ |
| Other physical details | ပုံများ ၊ |
| Dimensions | ၁၉ စင်တီ။ |
| 942 ## - ADDED ENTRY ELEMENTS (KOHA) | |
| Koha item type | Books (Long term) |
| 100 ## - MAIN ENTRY--PERSONAL NAME | |
| 9 (RLIN) | 19567 |
| Source of classification or shelving scheme | |
| Withdrawn status | Lost status | Source of classification or shelving scheme | Damaged status | Not for loan | Collection Code | Permanent Location | Current Location | Shelving location | Date acquired | Total Checkouts | Full call number | Barcode | Date last seen | Price effective from | Koha item type | Accession |
|---|---|---|---|---|---|---|---|---|---|---|---|---|---|---|---|---|
| Myanmar Collection | Shan State Buddhist University Library | Shan State Buddhist University Library | Myanmar Shelves | 17/02/2023 | ၂၉၄.၃၄၃၅၀၉ ထွန်း ၁၃၂၉ | MB00001329 | 17/02/2023 | 17/02/2023 | Books (Long term) | ၁၃၂၉ |